[Event "Almeria Sola Memorial 1st"]
[Site "Almeria"]
[Date "2014.12.28"]
[Round "6"]
[White "Pastor Jimenez, Daniel"]
[Black "Esquivias Quintero, Luis Manuel"]
[Result "0-1"]
[WhiteElo "2003"]
[BlackElo "1758"]
[PlyCount "45"]
[EventDate "2014.12.26"]
[EventType "swiss"]
[EventRounds "7"]
[EventCountry "ESP"]
[SourceTitle "CBM 164 Extra"]
[Source "ChessBase"]
[SourceDate "2015.03.02"]
[SourceVersion "1"]
[SourceVersionDate "2015.03.02"]
[SourceQuality "1"]

1. e4 Nf6 2. Nc3 e5 3. Nf3 Nc6 4. d4 Bb4 5. d5 Ne7 6. Qd3 Bxc3+ 7. bxc3 d6 8. a4 a5 9. h3 0-0 10. Be2 Ng6 11. Bg5 h6 12. Bd2 Nh5 13. g3 Nf6 14. g4 Nh7 15. Ng1 Bd7 16. Qg3 Nh4 17. Nf3 Nxf3+ 18. Bxf3 g5 19. h4 Kg7 20. hxg5 hxg5 21. Qh3 Rh8 22. Qh6+ Kg8 23. Bxg5 0-1

[Event "Almeria Sola Memorial 1st"]
[Site "Almeria"]
[Date "2014.12.27"]
[Round "4"]
[White "Pastor Jimenez, Daniel"]
[Black "Arboledas Fernandez, Antonio A"]
[Result "1/2-1/2"]
[WhiteElo "2003"]
[BlackElo "2145"]
[PlyCount "47"]
[EventDate "2014.12.26"]
[EventType "swiss"]
[EventRounds "7"]
[EventCountry "ESP"]
[SourceTitle "CBM 164 Extra"]
[Source "ChessBase"]
[SourceDate "2015.03.02"]
[SourceVersion "1"]
[SourceVersionDate "2015.03.02"]
[SourceQuality "1"]

1. e4 e6 2. d4 d5 3. Nc3 Nf6 4. Bg5 Be7 5. e5 Nfd7 6. Bxe7 Qxe7 7. f4 a6 8. Nf3 c5 9. Qd2 Nc6 10. 0-0-0 c4 11. f5 b5 12. Qg5 Qxg5+ 13. Nxg5 Nb6 14. fxe6 Bxe6 15. a3 h6 16. Nxe6 fxe6 17. Be2 Rf8 18. Bh5+ Ke7 19. Rhf1 Nd7 20. Ne2 g5 21. c3 a5 22. Ng3 b4 23. Rxf8 Rxf8 24. Rf1 1/2-1/2

[Event "Cullera op 26th"]
[Site "Cullera"]
[Date "2005.07.25"]
[Round "4.34"]
[White "Amate Tortosa, Bernardo"]
[Black "Pastor Jimenez, Daniel"]
[Result "1-0"]
[WhiteElo "2134"]
[BlackElo "2023"]
[PlyCount "53"]
[EventDate "2005.07.21"]
[EventType "swiss"]
[EventRounds "9"]
[EventCountry "ESP"]
[SourceTitle "CBM 107 Extra"]
[Source "ChessBase"]
[SourceDate "2005.09.01"]
[SourceVersion "1"]
[SourceVersionDate "2005.09.01"]
[SourceQuality "1"]

1. e4 c5 2. Nf3 d6 3. d4 cxd4 4. Nxd4 Nf6 5. Nc3 a6 6. Bg5 e6 7. f4 Nc6 8. Qd2 Be7 9. 0-0-0 h6 10. Bh4 g5 11. fxg5 Ng4 12. Be2 Nge5 13. Kb1 hxg5 14. Bg3 Qb6 15. Bf2 Qc7 16. Be3 Nxd4 17. Qxd4 Bd7 18. Na4 b5 19. Nb6 Rd8 20. c4 b4 21. Nxd7 Rxd7 22. b3 f6 23. h3 Kf7 24. Qd2 Rhd8 25. Bd4 Kg7 26. Qxb4 d5 27. c5 1-0